Lucha social en el agro costarricense. Las organizaciones campesinas de la Región Atlántica /

El documento pretende caracterizar las organizaciones campesinas de la región atlántica, en Costa Rica. Analizando, las principales acciones reivindicativas, objetivos, formas de lucha, composición social y estrategias organizativas.

Uloženo v:
Podrobná bibliografie
Hlavní autor: Rivera, Rolando
Médium: Kniha
Jazyk:Spanish
Vydáno: San José, Costa Rica Centro de Estudios para la Acción Social 1991
Edice:Documento de análisis 15
Témata:
Tagy: Přidat tag
Žádné tagy, Buďte první, kdo vytvoří štítek k tomuto záznamu!

MARC

LEADER 00000nam a22000007a 4500
003 cru CIDCACS/IIS
005 20230707100619.0
008 180525b1991 cr oa|||||||||||||||spa||
020 |a 9977-78-016-1 
040 |c cru CIDCACS/IIS 
090 |a 05.03.07 R621l 
100 1 |a Rivera, Rolando  |9 7271 
245 1 0 |a Lucha social en el agro costarricense.   |b Las organizaciones campesinas de la Región Atlántica /  |c Rolando Rivera 
260 |a San José, Costa Rica  |b Centro de Estudios para la Acción Social  |c 1991 
300 |a 120 páginas 
440 |9 4351  |a Documento de análisis  |v 15 
500 |a Colección Alforja 
520 3 |a El documento pretende caracterizar las organizaciones campesinas de la región atlántica, en Costa Rica. Analizando, las principales acciones reivindicativas, objetivos, formas de lucha, composición social y estrategias organizativas. 
650 1 7 |9 3244  |a LUCHA DE CLASES 
650 1 0 |a MOVIMIENTOS SOCIALES  |9 3 
650 1 7 |9 2696  |a ORGANIZACIONES CAMPESINAS 
650 1 7 |9 2215  |a ESTRUCTURA AGRARIA 
650 1 7 |9 398  |a TENENCIA DE LA TIERRA  
650 1 0 |9 7  |a SINDICATOS 
651 1 0 |9 32  |a COSTA RICA  |z Region Atlántica 
942 |2 ddc  |c LI  |h 05.03.07 R621l  |i 19695  |6 050307_R621L_19695 
999 |c 41469  |d 41469